<?xml version="1.0" encoding="UTF-8"?>
<record
    xmlns:xsi="http://www.w3.org/2001/XMLSchema-instance"
    xsi:schemaLocation="http://www.loc.gov/MARC21/slim http://www.loc.gov/standards/marcxml/schema/MARC21slim.xsd"
    xmlns="http://www.loc.gov/MARC21/slim">

  <leader>00435nam a2200181Ia 4500</leader>
  <controlfield tag="008">220501s1996    xx            000 0 eng d</controlfield>
  <datafield tag="020" ind1=" " ind2=" ">
    <subfield code="a">9780140435719</subfield>
  </datafield>
  <datafield tag="082" ind1=" " ind2=" ">
    <subfield code="a">170 SPI-E</subfield>
  </datafield>
  <datafield tag="100" ind1=" " ind2=" ">
    <subfield code="a">Spinoza, Benedict De</subfield>
  </datafield>
  <datafield tag="245" ind1=" " ind2="0">
    <subfield code="a">Ethics</subfield>
    <subfield code="c">Benedict De Spinoza</subfield>
  </datafield>
  <datafield tag="260" ind1=" " ind2=" ">
    <subfield code="b">Penguin</subfield>
    <subfield code="c">1996</subfield>
  </datafield>
  <datafield tag="300" ind1=" " ind2=" ">
    <subfield code="a">186</subfield>
  </datafield>
  <datafield tag="650" ind1=" " ind2=" ">
    <subfield code="a">Ethics</subfield>
  </datafield>
  <datafield tag="650" ind1=" " ind2=" ">
    <subfield code="a">Ethics, modern</subfield>
  </datafield>
  <datafield tag="650" ind1=" " ind2=" ">
    <subfield code="a">Philosophy</subfield>
  </datafield>
  <datafield tag="650" ind1=" " ind2=" ">
    <subfield code="a">Philosophy, modern</subfield>
  </datafield>
  <datafield tag="942" ind1=" " ind2=" ">
    <subfield code="2">ddc</subfield>
    <subfield code="c">BK</subfield>
  </datafield>
  <datafield tag="999" ind1=" " ind2=" ">
    <subfield code="c">18295</subfield>
    <subfield code="d">18295</subfield>
  </datafield>
  <datafield tag="952" ind1=" " ind2=" ">
    <subfield code="0">0</subfield>
    <subfield code="1">0</subfield>
    <subfield code="2">ddc</subfield>
    <subfield code="4">0</subfield>
    <subfield code="7">0</subfield>
    <subfield code="a">SOBD</subfield>
    <subfield code="b">SOBD</subfield>
    <subfield code="d">2019-03-06</subfield>
    <subfield code="e">Vedi Books</subfield>
    <subfield code="g">279.30</subfield>
    <subfield code="o">170 SPI.E1</subfield>
    <subfield code="p">000043</subfield>
    <subfield code="r">2022-07-01</subfield>
    <subfield code="t">1</subfield>
    <subfield code="w">2018-02-26</subfield>
    <subfield code="y">REF</subfield>
    <subfield code="k">1135/17-18</subfield>
  </datafield>
  <datafield tag="952" ind1=" " ind2=" ">
    <subfield code="0">0</subfield>
    <subfield code="1">0</subfield>
    <subfield code="2">ddc</subfield>
    <subfield code="4">0</subfield>
    <subfield code="7">0</subfield>
    <subfield code="a">SOBD</subfield>
    <subfield code="b">SOBD</subfield>
    <subfield code="d">2019-03-06</subfield>
    <subfield code="e">Vedi Books</subfield>
    <subfield code="g">279.30</subfield>
    <subfield code="o">170 SPI.E2</subfield>
    <subfield code="p">000044</subfield>
    <subfield code="r">2022-07-01</subfield>
    <subfield code="t">2</subfield>
    <subfield code="w">2018-02-26</subfield>
    <subfield code="y">BK</subfield>
    <subfield code="k">1135/17-18</subfield>
  </datafield>
  <datafield tag="952" ind1=" " ind2=" ">
    <subfield code="0">0</subfield>
    <subfield code="1">0</subfield>
    <subfield code="2">ddc</subfield>
    <subfield code="4">0</subfield>
    <subfield code="7">0</subfield>
    <subfield code="a">SOBD</subfield>
    <subfield code="b">SOBD</subfield>
    <subfield code="d">2019-03-06</subfield>
    <subfield code="e">Vedi Books</subfield>
    <subfield code="g">279.30</subfield>
    <subfield code="o">170 SPI.E3</subfield>
    <subfield code="p">000045</subfield>
    <subfield code="r">2022-07-01</subfield>
    <subfield code="t">3</subfield>
    <subfield code="w">2018-02-26</subfield>
    <subfield code="y">BK</subfield>
    <subfield code="k">1135/17-18</subfield>
  </datafield>
  <datafield tag="952" ind1=" " ind2=" ">
    <subfield code="0">0</subfield>
    <subfield code="1">0</subfield>
    <subfield code="2">ddc</subfield>
    <subfield code="4">0</subfield>
    <subfield code="7">0</subfield>
    <subfield code="a">SOBD</subfield>
    <subfield code="b">SOBD</subfield>
    <subfield code="d">2019-03-06</subfield>
    <subfield code="e">Vedi Books</subfield>
    <subfield code="g">279.30</subfield>
    <subfield code="o">170 SPI.E4</subfield>
    <subfield code="p">000046</subfield>
    <subfield code="r">2022-07-01</subfield>
    <subfield code="t">4</subfield>
    <subfield code="w">2018-02-26</subfield>
    <subfield code="y">BK</subfield>
    <subfield code="k">1135/17-18</subfield>
  </datafield>
  <datafield tag="952" ind1=" " ind2=" ">
    <subfield code="0">0</subfield>
    <subfield code="1">0</subfield>
    <subfield code="2">ddc</subfield>
    <subfield code="4">0</subfield>
    <subfield code="7">0</subfield>
    <subfield code="a">SOBD</subfield>
    <subfield code="b">SOBD</subfield>
    <subfield code="d">2019-03-06</subfield>
    <subfield code="e">Vedi Books</subfield>
    <subfield code="g">279.30</subfield>
    <subfield code="o">170 SPI.E5</subfield>
    <subfield code="p">000047</subfield>
    <subfield code="r">2022-07-01</subfield>
    <subfield code="t">5</subfield>
    <subfield code="w">2018-02-26</subfield>
    <subfield code="y">BK</subfield>
    <subfield code="k">1135/17-18</subfield>
  </datafield>
</record>
